Statistics for Football clubs: guess the city/town (8)

Click here to take the quiz!

General Stats

  • This quiz has been taken 10 times
  • The average score is 9 of 20

Answer Stats

Football teamCity% Correct
Charlton AthleticLondon
100%
Llanrumney UnitedCardiff
78%
CeltaVigo
78%
PAOKThessaloniki
67%
GlentoranBelfast
56%
Sichuan MinzuChengdu
56%
AS des Forces Armées de GuinéeConakry
56%
BohemiansDublin
56%
Batavia F.C.Jakarta
56%
Yorkshire Amateur AFCLeeds
44%
Vålerenga Fotball‎Oslo
44%
LevskiSofia
44%
Bridge of Don ThistleAberdeen
33%
Cavalry FCCalgary
33%
Cultural LeonesaLeon
33%
Boroondara-Carey EaglesMelbourne
33%
East StirlingshireFalkirk
22%
Madureira Esporte ClubeRio de Janeiro
22%
SV HeimstettenMunich
11%
Tritones VallartaPuerto Vallarta
11%

Score Distribution

Percentile by Number Answered

Percent of People with Each Score

Your Score History

You have not taken this quiz